1810 1278 1686 1825 1816 1625 1908 1408 1886 1228 1610 1609 1050 1904 1741 1376 1414 1025 1060 1975 1615 1110 1801 1517 1218 1414 1624 1945 1589 1394 1727 1881 1424 1241 1756 1359 1816 1893 1988 1303 1153 1034 1739 1452 1828 1658 1617 1696 1443 1524 1153 1569 1352 1586 1871 1547 1605 1802 1561 1672 1100 1943 1868 1757 1576 1510 1164 1699 1540 1858 1174 1434 1985 1123 1490 1934 1125 1307 1515 1304 1345 1821 1893 1026 1806 1844 1287 1759 1513 1818 1678 1593 1628 1797 1964 1234 1916 1818 1575 BCNSPRNW ULIB Ver.6.0+V

เปลี่ยนเป็นภาษาไทย

Change to English
 แสดงรายละเอียดบรรณานุกรม
  กลับหน้าหลัก

Brief Record : Get Marc (ISO 2709) : E-mail record : QR code < ปิดหน้าต่าง
LEADER : 00000nam 2200000uu 4500
001    13399120672
003     ULIB
008    121002s2549||||th 000 0 tha d
020    ^a9749993713
050 04 ^aBF713^bพ263ท
100 0  ^aพรรณทิพย์ ศิริวรรณบุศย์
245 10 ^aทฤษฎีจิตวิทยาพัฒนาการ /^cพรรณทิพย์ ศิริวรรณบุศย์
250    ^aพิมพ์ครั้งที่ 3 (ฉบับปรับปรุง)
260    ^aกรุงเทพฯ :^bสำนักพิมพ์แห่งจุฬาลงกรณ์มหาวิทยาลัย,^c2549
300    ^a197 หน้า :^bภาพประกอบ ;^c26 ซม.
650  7 ^aจิตวิทยาพัฒนาการ
650  7 ^aพฤติกรรมมนุษย์
945    ^p150^l0^i14870
945    ^p150^l0^i14871
995    ^aวิภา
999 ^a ใช้งานได้ทุกระบบ
รายการนี้ยังไม่มีแท็ก
คุณยังไม่ได้ล็อกอิน คุณสามารถมีกิจกรรมร่วมกับเว็บไซต์ได้ แต่ต้องล็อกอินก่อน ::
  ล็อกอิน

รายการสื่อสารสนเทศ

ลำดับที่ ประเภท เลขเรียก/บาร์โค้ด สถานที่ สถานะ
1. วิทยาศาสตร์การแพทย์ และสุขภาพ
วิทยาศาสตร์การแพทย์ และสุขภาพ
BF713 พ263ท  
  Barcode: 14870
ห้องสมุดวิทยาเขตสวรรค์ประชารักษ์
►หนังสือทั่วไป
บนชั้น
2. วิทยาศาสตร์การแพทย์ และสุขภาพ
วิทยาศาสตร์การแพทย์ และสุขภาพ
BF713 พ263ท ฉ.2 
  Barcode: 14871
ห้องสมุดวิทยาเขตสวรรค์ประชารักษ์
►หนังสือทั่วไป
บนชั้น

รายการใกล้เคียง
    ผู้แต่ง [พรรณทิพย์ ศิริวรรณบุศย์]

    หัวเรื่อง [จิตวิทยาพัฒนาการ]
    หัวเรื่อง [พฤติกรรมมนุษย์]

BibComment


ยังไม่เคยถูกคอมเมนท์

คอมเมนท์ทรัพยากรรายการนี้
  คอมเมนท์: ทฤษฎีจิตวิทยาพัฒ..


 Copyright 2026. Bcnsprnw @Library